000 00483 a2200181 4500
005 20260227094502.0
008 260225b |||||||| |||| 00| 0 eng d
020 _a9789371269193
_cRs. 695.00
040 _aMAIN
082 _a343.54087
_bT199L
100 _aTaxmann
245 _aLegal metrology act 2009 with rules
260 _bTaxmann
_c2026
_aNew Delhi
300 _av.
650 _aWeights and Measures-Law and Legislation-India
650 _aBare Act-Law
942 _cBK
999 _c396346
_d396346